Science Quiz

Random Science or Elements Quiz

Hurried Hexagon Hopping - Elements Quiz Stats

 Plays Quiz Updated Oct 11, 2018

Support Sporcle.
Go Orange.
Score 0/61 Timer 02:00
0 Plays Today
% Correct
AAA1
100%
AAA2
97.5%
AAA3
97.5%
Cadmium
97.5%
AAA5
96.2%
AAA8
94.1%
AAA9
93.7%
AAA12
93.7%
AAA6
93.6%
Palladium
93.6%
AAA15
93.1%
AAA19
92.9%
AAA16
92.8%
Neodymium
92.5%
AAA13
92.5%
AAA22
92.4%
AAA21
92.1%
Oganesson
92.1%
AAA4
91.9%
Tantalum
91.9%
AAA18
91.7%
Hafnium
91.6%
Barium
91.5%
Xenon
91.5%
AAA23
91.4%
AAA11
91%
Indium
90.5%
AAA7
90.4%
Samarium
90.4%
AAA10
90.1%
Radium
90.1%
% Correct
Magnesium
89.4%
AAA20
88.9%
Uranium
88.8%
Actinium
88.4%
Lanthanum
88%
Fermium
87%
AAA14
86.7%
Krypton
86.7%
Zinc
86.5%
AAA17
86.1%
Vanadium
86.1%
Ytterbium
85.5%
Einsteinium
85.4%
Darmstadtium
85%
Gadolinium
84.8%
Gadolinium
84.8%
Gadolinium
84.8%
Gadolinium
84.8%
Gadolinium
84.8%
Gadolinium
84.8%
Gadolinium
84.8%
Gadolinium
84.8%
Gadolinium
84.8%
Gadolinium
84.8%
Gadolinium
84.8%
Gadolinium
84.8%
Gadolinium
84.8%
Gadolinium
84.8%
Gadolinium
84.8%
Gadolinium
84.8%

You're not logged in!

Compare scores with friends on all Sporcle quizzes.
OR
Log In

From the Vault

Profile: Luna Lovegood

by lucyinthesky9

'You can laugh but people used to believe there were no such things as the Blibbering Humdinger or the Crumple-Horned Snorkcack!'
Remove Ads.
Support Sporcle.
Get the best of Sporcle when you Go Orange. This ad-free experience offers more features, more stats, and more fun while also helping to support Sporcle. Thank you for becoming a member.

Show Comments

Extras

Top Quizzes Today


Score Distribution

Your Account Isn't Verified!

In order to create a playlist on Sporcle, you need to verify the email address you used during registration. Go to your Sporcle Settings to finish the process.

Report this User

Report this user for behavior that violates our Community Guidelines.

Details: